Statistics for NBA Top-Scoring Duos

Click here to take the quiz!

General Stats

  • This quiz has been taken 35,010 times
    (2,413 since last reset)
  • The average score is 25 of 30

Answer Stats

Player% Correct
Lebron James
99%
Kobe Bryant
98%
Stephen Curry
98%
Shaquille O'Neal
97%
Michael Jordan
97%
Kevin Durant
97%
Russell Westbrook
96%
James Harden
96%
Scottie Pippen
95%
Klay Thompson
93%
Giannis Antetokounmpo
93%
Dwyane Wade
92%
Damian Lillard
92%
Anthony Davis
91%
Allen Iverson
89%
Jayson Tatum
88%
Bradley Beal
88%
Kyrie Irving
87%
Carmelo Anthony
83%
Chris Paul
82%
Khris Middleton
81%
Jaylen Brown
81%
C.J. McCollum
80%
Penny Hardaway
72%
Andrew Wiggins
71%
Paul George
71%
Clint Capela
58%
Eric Gordon
52%
Lamar Odom
36%
Chris Webber
18%

Score Distribution

Percentile by Number Answered

Percent of People with Each Score

Your Score History

You have not taken this quiz since the last reset